Plant glutathione peroxidases emerging role of the antioxidant enzymes in plant development and stress responses /

Elmentve itt :
Bibliográfiai részletek
Szerzők: Bela Krisztina
Horváth Edit
Gallé Ágnes
Szabados László
Görgényi Miklósné Tari Irma
Csiszár Jolán
Dokumentumtípus: Cikk
Megjelent: 2015
Sorozat:JOURNAL OF PLANT PHYSIOLOGY 176
doi:10.1016/j.jplph.2014.12.014

mtmt:2825084
Online Access:http://publicatio.bibl.u-szeged.hu/6136
LEADER 00922nab a2200253 i 4500
001 publ6136
005 20180822094748.0
008 160201s2015 hu o 0|| zxx d
022 |a 0176-1617 
024 7 |a 10.1016/j.jplph.2014.12.014  |2 doi 
024 7 |a 2825084  |2 mtmt 
040 |a SZTE Publicatio Repozitórium  |b hun 
041 |a zxx 
100 1 |a Bela Krisztina 
245 1 0 |a Plant glutathione peroxidases  |h [elektronikus dokumentum] :  |b emerging role of the antioxidant enzymes in plant development and stress responses /  |c  Bela Krisztina 
260 |c 2015 
300 |a 192-201 
490 0 |a JOURNAL OF PLANT PHYSIOLOGY  |v 176 
700 0 1 |a Horváth Edit  |e aut 
700 0 1 |a Gallé Ágnes  |e aut 
700 0 1 |a Szabados László  |e aut 
700 0 2 |a Görgényi Miklósné Tari Irma  |e aut 
700 0 2 |a Csiszár Jolán  |e aut 
856 4 0 |u http://publicatio.bibl.u-szeged.hu/6136/1/2015_Bela_Kriszti_et_al._JPP_u.pdf  |z Dokumentum-elérés